| 000 | 00404nam a2200157Ia 4500 | ||
|---|---|---|---|
| 008 | 151213s9999 xx 000 0 und d | ||
| 100 | _aCarley H. Dudd | ||
| 245 |
_aDynamics of Inter cultural Communication _cCarley H. Dudd |
||
| 250 | _a3rd | ||
| 260 |
_aU S A _bW. M.C Brown _c1991 |
||
| 300 | _a2954 p. | ||
| 650 | _aBusiness | ||
| 650 | _aCommunication | ||
| 700 | _aCarley H. Dudd | ||
| 999 |
_c2041 _d2041 |
||